00888nam a2200229 i 450000100060000000300090000600500170001500700030003200800410003502000180007608000150009424500530010926001180016230000290028049000370030965000280034671000780037483000450045285200220049799900170051995201220053610335ES-MaACL20250822095128.0t|950508s1994 sp a |||| | spa d a84-89170-00-2 a8-7(082.2)00aAntología del humorismo mundial b: 1994-1995. aPozuelo de Alarcón, Madrid : bAcademia de Humor del Patronato de Cultura de Pozuelo de Alarcón, cD.L. 1994. a63 p. : bil. ; c18 cm.1 aBiblioteca de la golondriz ; v107aHumorismo2embne9135092 aAcademia de Humor del Patronato de Cultura de Pozuelo de Alarcón.911810 aBiblioteca de la golondriz ; v19178670 aES-MaACLjL-17735 c10335d10335 00104070aATENEOMbATENEOMcDEPO2d2008-01-17eSCl0oL-17735p1010545r2023-02-23 00:00:00w2023-02-23yMONOGRAFIA